000 00414nam a2200145Ia 4500
008 220216s9999 xx 000 0 und d
100 _aHaysom Howard R
245 0 _aPhylogenetic relationships of Manihot species revealed by restriction fragment length polymorphism
260 _bEuphytica
_c1994
300 _a235-238
650 _aRFLP
700 _aChan T L Chris
700 _aHughes Monica A
942 _cJS
999 _c64932
_d64932